| 000 | 01054nam a22002657a 4500 | ||
|---|---|---|---|
| 005 | 20110606152512.0 | ||
| 008 | 110606t xxu||||| |||| 00| 0 eng d | ||
| 010 | _aENG-102550 | ||
| 020 |
_a9789350248638 _c398.00 |
||
| 035 | _aEN-86083 | ||
| 037 | _bDBAD/PUB | ||
| 040 |
_aDPL _bEng |
||
| 082 | _a332.1 | ||
| 100 |
_928359 _aBhattacharya, K. M. |
||
| 245 |
_aBasics of banking and finance / _cby K. M. Bhattacharya [and] O. P. Agarwal |
||
| 250 | _a2nd rev. & enl ed | ||
| 260 |
_aMumbai _bHimalaya Publishing House _c2011 |
||
| 270 |
_a"Ramdoot", Dr. Bhalerao Marg, Girgaon _bMumbai _e400004 _k022-23860170/23863863 |
||
| 300 |
_a517p. _c24 cm (pbk) |
||
| 650 | _928360 | ||
| 700 |
_928362 _aAgarwal, O. P. |
||
| 942 |
_2ddc _cEN _mBHA _h332.1 |
||
| 999 |
_c52750 _d52750 |
||